Score 0/20 Timer 03:00
1 Play Today
Clue Term % Correct
Take me out to the ______ gameBALL
92%
The Great BambinoRUTH
90.7%
A 3-2 countFULL
88%
Four non-strikesWALK
86.4%
What a homerun goes overWALL
85.9%
Illegal step by the pitcherBALK
85.3%
Kevin Costner baseball flick: _______ DurhamBULL
85%
What a minor leaguer hopes to getCALL
81.3%
What Bonds claims to have gained naturallyBULK
71.8%
A player who doesn't live up to expectationsBUST
71.4%
Clue Term % Correct
Usually, this team wins the World SeriesBEST
70.5%
What an angry batter might do to the moundRUSH
68.8%
Ripken Jr. & Ripken Sr.CALS
68%
A pitch right down the middle: ______ highBELT
65.5%
________ Leagues: the Minor Leagues, slangilyBUSH
65.3%
Old pennants are made of itFELT
62.4%
What the losing team often didFELL
57.3%
The Lovable LosersCUBS
56.7%
What Mariano Rivera's fastball doesCUTS
53.2%
Detroit's team, generallyCATS
48.6%

Today's Daily Dose

Remove Ads.
Support Sporcle.
Get the best of Sporcle when you Go Orange. This ad-free experience offers more features, more stats, and more fun while also helping to support Sporcle. Thank you for becoming a member.

You're not logged in!

Compare scores with friends on all Sporcle quizzes.
OR
Log In

Show Comments

Extras

Top Quizzes Today


Score Distribution

Your Account Isn't Verified!

In order to create a playlist on Sporcle, you need to verify the email address you used during registration. Go to your Sporcle Settings to finish the process.

Report this User

Report this user for behavior that violates our Community Guidelines.

Details: